<?xml version="1.0" encoding="UTF-8"?>
<resp>
  <nextPage>https://data.bn.org.pl/api/networks/bibs.marcxml?marc=001+b00001150001600&amp;sinceId=1150001601</nextPage>
  <collection>
    <record xmlns='http://www.loc.gov/MARC21/slim'><leader>00789namZa2200277ZiZ4500</leader><controlfield tag='001'>b00001150001600</controlfield><controlfield tag='005'>20241203214137.9</controlfield><controlfield tag='008'>230609s        pl           |000 0 pol c</controlfield><controlfield tag='009'>9913262014805606</controlfield><datafield ind1=' ' ind2=' ' tag='020'><subfield code='a'>072141950X</subfield></datafield><datafield ind1=' ' ind2=' ' tag='035'><subfield code='a'>KR_1KR_1_20120318001529063755-48omnis_kr</subfield></datafield><datafield ind1=' ' ind2=' ' tag='035'><subfield code='a'>KR_1_20120318001529063755</subfield><subfield code='9'>ExL</subfield></datafield><datafield ind1=' ' ind2=' ' tag='035'><subfield code='a'>(PL)b00001150001600</subfield></datafield><datafield ind1=' ' ind2=' ' tag='040'><subfield code='a'>KR_1</subfield><subfield code='c'>KR_1</subfield></datafield><datafield ind1='0' ind2=' ' tag='041'><subfield code='a'>eng</subfield></datafield><datafield ind1='1' ind2=' ' tag='100'><subfield code='a'>Percy, Graham</subfield></datafield><datafield ind1='1' ind2='0' tag='245'><subfield code='a'>Little Red Hen /</subfield><subfield code='c'>il. by Graham Percy.</subfield></datafield><datafield ind1=' ' ind2=' ' tag='260'><subfield code='a'>London :</subfield><subfield code='b'>&quot;Ladybird&quot;,</subfield><subfield code='c'>1998.</subfield></datafield><datafield ind1=' ' ind2=' ' tag='300'><subfield code='a'>26 s. :</subfield><subfield code='b'>il. kolor. ;</subfield><subfield code='c'>18 cm.</subfield></datafield><datafield ind1='1' ind2=' ' tag='490'><subfield code='a'>Read It Yourself</subfield></datafield><datafield ind1=' ' ind2=' ' tag='500'><subfield code='a'>d</subfield></datafield><datafield ind1=' ' ind2=' ' tag='852'><subfield code='b'>48OMNIS_NETWORK</subfield><subfield code='8'>9913262014805606</subfield></datafield><datafield ind1=' ' ind2=' ' tag='852'><subfield code='b'>48OMNIS_KR</subfield><subfield code='8'>991000015999708216</subfield></datafield><datafield ind1=' ' ind2=' ' tag='920'><subfield code='a'>0-7214-1950-X</subfield></datafield></record>
  </collection>
</resp>
